000 00810nam a2200181Ia 4500
001 11013
003 GE_BSU
008 181216s||||||||xx |||||||||||||| ||und||
040 _cGE_BSU
245 _aქართველ დრამატურგთა პიესები (კრებული)
245 _cსარედ.კოლეგია: ბესარიონ ჟღენტი, მიხეილ მრევლიშვილი, ნოდარ გურაბანიძე; მხატვ: ირ. ჯანაშვილი
260 _aთბილისი
260 _bმერანი.
260 _c1969
300 _a370გვ. 20სმ.
653 _aქართველ დრამატურგთა პიესები (კრებული)
942 _cBK
999 _c44255
_d44255